000 00712nam a2200301Ia 4500
008 160321s9999||||xx |||||||||||||| ||und||
040 _cgujrati
082 _aviii.B/shah
082 _bBORI-69783
100 _aR. C. shah
245 2 _aA guide to sulabhsanskritpraveshah
250 _b2nd
260 _aBaroda
260 _bM. C. kothari
260 _c1932
300 _a99
300 _cA
300 _ePaperback
530 _u00092747.pdf
563 _aStudy
600 _aR. C. shah
630 _aA guide to sulabhsanskritpraveshah
650 _aGrammer
650 _aTechnical science
700 _aR. C. shah
730 _aA guide to sulabhsanskritpraveshah
942 _cBOOK
999 _c1368572
_d1368569